000 005430000a22001930004500
001 000874
003 MACL
005 20151003124910.0
008 151003b xxu||||| |||| 00| 0 eng d
040 _aMACL
_cMACL
041 _aEnglish
082 _a900.54
100 _aMahajan, S.G.
_913390
245 _aPune City Its History Growth And Development (758 To 1998 A.D.)
_bA Bibliography Of Information Sources
_cS.G. Mahajan
260 _aPune
_c2000
_bManasanman Prakashan,
350 _a400
650 _aHistory
_913391
942 _k901
_cBK
_2ddc
999 _c872
_d872